000 01070nmc a2200385 a 4500
003 AR-BaBNM
005 20251128210222.0
008 011101s1998 ||||||||||||||000 | spa||
020 _a84-8063-333-6
040 _cAR-BaBNM
100 1 _aHargreaves, Andy
245 1 0 _aUna educación para el cambio
_breinventar la educación de los adolescentes
250 _a1ª ed.
260 _aBarcelona
_bEdiciones Octaedro
_c1998
300 0 _a314 p.
490 0 _aRepensar la educación
_vv. 1
500 0 _aContiene referencias bibliográficas p. 283-315
650 4 _aESCUELAS MEDIAS
650 4 _aADOLESCENTES
650 4 _aCURRICULO
650 4 _aEVALUACION
650 4 _aAPRENDIZAJE
650 4 _aENSENANZA
650 4 _aPAPEL DE LA ESCUELA
650 4 _aMEDIO FAMILIAR
650 4 _aMEDIO SOCIAL
653 _aEDUCACION SECUNDARIA
653 _aCAMBIO EDUCATIVO
700 1 _aEarl, Lorna
700 1 _aRyan, Jim
800 1 _aHernández, Fernando
_edirector
800 1 _aSancho, Juana María
_edirector
942 _cBK
998 _cRaquel
999 _c14555
_d14555